Missing Word: NHL Places Quiz Stats

 Plays Quiz Updated Jul 8, 2021

Support Sporcle.
Go Orange.
Score 0/32 Timer 02:00
0 Plays Today
Hint Missing Word % Correct
___ York IslandersNew
91.9%
New ____ RangersYork
89.7%
_______ Maple LeafsToronto
88.5%
St. _____ BluesLouis
87.4%
Los _______ KingsAngeles
87.1%
______ BruinsBoston
86.9%
__________ CapitalsWashington
86.6%
New ______ DevilsJersey
86.6%
_____ Bay LightningTampa
86%
_______ BlackhawksChicago
85.3%
_______ Red WingsDetroit
84.8%
San ____ SharksJose
84.4%
________ CanadiensMontreal
83.4%
__________ PenguinsPittsburgh
81.3%
______ StarsDallas
80.5%
________ AvalancheColorado
79.9%
Hint Missing Word % Correct
____________ FlyersPhiladelphia
79.4%
_______ DucksAnaheim
78.9%
_______ FlamesCalgary
78.3%
_________ WildMinnesota
77%
_________ CanucksVancouver
76.6%
________ OilersEdmonton
76.5%
_______ SabresBuffalo
75.4%
________ HurricanesCarolina
75.1%
______ SenatorsOttawa
74.8%
_______ CoyotesArizona
73.5%
_________ PredatorsNashville
73.4%
________ JetsWinnipeg
72.7%
_____ Golden KnightsVegas
72.5%
_______ PanthersFlorida
70.9%
________ Blue JacketsColumbus
70%
_______ KrakenSeattle
67.4%

Today's Daily Dose

You're not logged in!

Compare scores with friends on all Sporcle quizzes.
OR
Log In
Forgot?

From the Vault

'I' Vocabulary (Medium)

by beforever

Just don't put this quiz on ice.
Remove Ads.
Support Sporcle.
Get the best of Sporcle when you Go Orange. This ad-free experience offers more features, more stats, and more fun while also helping to support Sporcle. Thank you for becoming a member.

Show Comments

Extras

Top Quizzes Today


Score Distribution

Your Account Isn't Verified!

In order to create a playlist on Sporcle, you need to verify the email address you used during registration. Go to your Sporcle Settings to finish the process.

Report this User

Report this user for behavior that violates our Community Guidelines.

Details: